Statistics for MLB Top MVP, Cy Young, and ROY 2020

Click here to take the quiz!

General Stats

  • This quiz has been taken 20 times
  • The average score is 26 of 40

Answer Stats

#PlayerTeamPos.% Correct
1Freddie FreemanATL1B
100%
2Mookie BettsLADRF
100%
1José AbreuCHW1B
95%
3Manny MachadoSDP3B
95%
5Mike TroutLAACF
95%
4Shane BieberCLEP
95%
1Shane BieberCLEP
95%
4Fernando Tatis Jr.SDPSS
89%
2José RamírezCLE3B
89%
10Anthony RendonLAA3B
84%
7Trea TurnerWSNSS
84%
9Corey SeagerLADSS
79%
3DJ LeMahieuNYY2B
79%
5Juan SotoWSNLF
79%
7Tim AndersonCHWSS
79%
4Gerrit ColeNYYP
74%
3Jacob deGromNYMP
74%
6Nelson CruzMINDH
74%
8Brandon LoweTBR2B
68%
1Trevor BauerCINP
68%
10Trevor BauerCINP
68%
6Marcell OzunaATLDH
63%
2Yu DarvishCHCP
63%
2Alec BohmPHI3B
58%
1Devin WilliamsMILP
58%
3Hyun Jin RyuTORP
58%
1Kyle LewisSEACF
58%
9Luke VoitNYY1B
58%
5Max FriedATLP
58%
4Sean MurphyOAKC
58%
2Luis Robert Jr.CHWCF
53%
3Cristian JavierHOUP
47%
3Jake CronenworthSDP2B
37%
8Mike YastrzemskiSFGRF
37%
5Dustin MayLADP
32%
2Kenta MaedaMINP
32%
4Tony GonsolinLADP
16%
5Dallas KeuchelCHWP
11%
4Dinelson LametSDPP
11%
4Willi CastroDETSS
5%

Score Distribution

Percentile by Number Answered

Percent of People with Each Score

Your Score History

You have not taken this quiz